MARC details
| 000 -CABECERA |
| campo de control de longitud fija |
01036nam a2200217 a 4500 |
| 005 - FECHA Y HORA DE LA ÚLTIMA TRANSACCIÓN |
| campo de control |
20220831103822.0 |
| 008 - ELEMENTOS DE LONGITUD FIJA--INFORMACIÓN GENERAL |
| campo de control de longitud fija |
040216s1997 mx r 000 0 spa d |
| 020 ## - NÚMERO INTERNACIONAL NORMALIZADO PARA LIBROS |
| Número Internacional Estándar del Libro |
847030450X |
| 035 ## - NÚMERO DE CONTROL DEL SISTEMA |
| Número de control de sistema |
UPN01000131877 |
| 049 ## - COLECCIÓN |
| Colección |
CG |
| 050 #4 - SIGNATURA TOPOGRÁFICA DE LA BIBLIOTECA DEL CONGRESO |
| Número de clasificación |
BF173 F8.5 |
| Número de documento/Ítem |
C6.7 |
| 245 00 - MENCIÓN DE TÍTULO |
| Título |
Correspondencia de Freud : |
| Resto del título |
edición crítica establecida por órden cronológico / |
| Mención de responsabilidad, etc. |
ed. Nicolás Caparrós. |
| 260 ## - PUBLICACIÓN, DISTRIBUCIÓN, ETC. |
| Lugar de publicación, distribución, etc. |
Madrid : |
| Nombre del editor, distribuidor, etc. |
Biblioteca nueva, |
| Fecha de publicación, distribución, etc. |
1997. |
| 300 ## - DESCRIPCIÓN FÍSICA |
| Extensión |
6 v. |
| 440 #0 - MENCIÓN DE SERIE/ASIENTO SECUNDARIO--TÍTULO |
| Título |
Quipú Grupo de Psicoterapia |
| 500 ## - NOTA GENERAL |
| Nota general |
La biblioteca tiene los vols.1-4 |
| 505 8# - NOTA DE CONTENIDO CON FORMATO PREESTABLECIDO |
| Nota de contenido con formato |
Contenido: |
| Información miscelánea |
v.1. |
| Título |
1871-1866 : la prehistoria del psicoánalisis -- |
| Información miscelánea |
v.2. |
| Título |
1887-1908 : el descubrimiento de inconsciente -- |
| Información miscelánea |
v.3. |
| Título |
1909-1914 : espansión. La internacional psicoanalítica -- |
| Información miscelánea |
v.4. |
| Título |
1914-1925 : la gran guerra. Consolidación -- |
| Información miscelánea |
v.5. |
| Título |
1926-1933 : el ocaso de una época -- |
| Información miscelánea |
v.6. |
| Título |
1934-1939 : los últimos años |
| 600 14 - ASIENTO SECUNDARIO DE MATERIA - NOMBRE PERSONAL |
| Nombre de persona |
Freud, Sigmund, |
| Fechas asociadas al nombre |
1856-1939 |
| Subdivisión de forma |
Correspondencia, memorias, etc. |
| 9 (RLIN) |
22248 |
| 700 1# - ASIENTO SECUNDARIO--NOMBRE DE PERSONAL |
| Nombre de persona |
Caparrós, Nicolás |
| Término indicativo de función/relación |
ed. |
| 9 (RLIN) |
28649 |
| 905 ## - TIPO DE MATERIAL |
| Tipo de material |
Libro |